000
00321 a2200157 4500
001
164802
020
_a
040
_c
Magnum
100
_a
Alimonda, Hector
240
1
0
_a
A revolucao mexicana
_l
por
245
1
0
_a
A revolucao mexicana
362
0
_a
1899
440
1
_a
Ática
697
_a
PARADIDATICO
942
_c
BK
999
_c
164802
_d
164802